<?xml version="1.0" encoding="UTF-8"?><marc:collection xmlns:marc="http://www.loc.gov/MARC21/slim">
  <marc:record>
    <marc:leader>00000nam##2200000za#4500</marc:leader>
    <marc:controlfield tag="001">9.679858</marc:controlfield>
    <marc:controlfield tag="003">CaOODSP</marc:controlfield>
    <marc:controlfield tag="005">20200330062358</marc:controlfield>
    <marc:controlfield tag="007">ta</marc:controlfield>
    <marc:controlfield tag="008">150407|1981||||xxc|||||     f|0| 0 fre|d</marc:controlfield>
    <marc:datafield tag="020" ind1=" " ind2=" ">
      <marc:subfield code="a">0-660-90755-0</marc:subfield>
    </marc:datafield>
    <marc:datafield tag="040" ind1=" " ind2=" ">
      <marc:subfield code="a">CaOODSP</marc:subfield>
      <marc:subfield code="b">fre</marc:subfield>
    </marc:datafield>
    <marc:datafield tag="043" ind1=" " ind2=" ">
      <marc:subfield code="a">n-cn---</marc:subfield>
    </marc:datafield>
    <marc:datafield tag="086" ind1="1" ind2=" ">
      <marc:subfield code="a">H46-2/80-65F</marc:subfield>
    </marc:datafield>
    <marc:datafield tag="110" ind1="1" ind2=" ">
      <marc:subfield code="a">Canada.</marc:subfield>
      <marc:subfield code="b">Santé Canada. </marc:subfield>
      <marc:subfield code="b">Direction de l'hygiène du milieu.</marc:subfield>
    </marc:datafield>
    <marc:datafield tag="245" ind1="1" ind2="0">
      <marc:subfield code="a">Code de sécurité 20A: les appareils radiographiques en diagnostic médical partie a: techniques de sécurité recommandées pour l'installation et l'utilisation </marc:subfield>
    </marc:datafield>
    <marc:datafield tag="260" ind1=" " ind2=" ">
      <marc:subfield code="a">Ottawa - Ontario : </marc:subfield>
      <marc:subfield code="b">Santé Canada. </marc:subfield>
      <marc:subfield code="c">©1981, réimprimé 1992, 1996.</marc:subfield>
    </marc:datafield>
    <marc:datafield tag="300" ind1=" " ind2=" ">
      <marc:subfield code="a">112p. : </marc:subfield>
      <marc:subfield code="b">références, tableaux ; </marc:subfield>
      <marc:subfield code="c">22 cm.</marc:subfield>
    </marc:datafield>
    <marc:datafield tag="500" ind1=" " ind2=" ">
      <marc:subfield code="a">«Le présent document appartient à une série de codes de sécurité préparés par le Bureau de la radioprotection afin d'établir les règlements de sécurité dans l'utilisation des appareils émetteurs de radiation. Ce document comporte des chapitres destinés à guider spécifiquement le radiologiste, le médecin, l'opérateur ainsi que le physicien, médical ou sanitaire, concernés par des techniques sûres, le rendement des appareils et les enquêtes sur la protection. Les techniques de sécurité, les appareils et les installations décrits dans le présent Code sont principalement des outils de formation et doivent servir à guider les personnes travaillant dans les agences et services publics fédéraux de même que ceux qui sont régis par le Code du travail du Canada.»--Notes explicatives.</marc:subfield>
    </marc:datafield>
    <marc:datafield tag="520" ind1="3" ind2=" ">
      <marc:subfield code="a">Le présent document appartient à une série de codes de sécurité préparés par le Bureau de la radioprotection afin d'établir les règlements de sécurité dans l'utilisation des appareils émetteurs de radiation. Ce document comporte des chapitres destinés à guider spécifiquement le radiologiste, le médecin, l'opérateur ainsi que le physicien, médical ou sanitaire, concernés par des techniques sûres, le rendement des appareils et les enquêtes sur la protection. Les techniques de sécurité, les appareils et les installations décrits dans le présent Code sont principalement des outils de formation et doivent servir à guider les personnes travaillant dans les agences et services publics fédéraux de même que ceux qui sont régis par le Code du travail du Canada.--Notes explicatives</marc:subfield>
    </marc:datafield>
    <marc:datafield tag="563" ind1=" " ind2=" ">
      <marc:subfield code="a">Couverture souple</marc:subfield>
    </marc:datafield>
    <marc:datafield tag="590" ind1=" " ind2=" ">
      <marc:subfield code="a">96-31</marc:subfield>
      <marc:subfield code="b">1996-08-02</marc:subfield>
    </marc:datafield>
    <marc:datafield tag="691" ind1="0" ind2="7">
      <marc:subfield code="a">Radiation</marc:subfield>
      <marc:subfield code="2">gcpds</marc:subfield>
    </marc:datafield>
    <marc:datafield tag="775" ind1="0" ind2="8">
      <marc:subfield code="t">Safety code 20A: x-ray equipment in medical diagnosis part a: recommended safety procedures for installation and use </marc:subfield>
      <marc:subfield code="w">(CaOODSP)9.646296</marc:subfield>
    </marc:datafield>
    <marc:datafield tag="986" ind1=" " ind2=" ">
      <marc:subfield code="a">80-DHM-65</marc:subfield>
    </marc:datafield>
  </marc:record>
</marc:collection>
